Fechas prehistóricas y porvenir de las razas (Record no. 22920)

MARC details
000 -LEADER
campo de control de longitud fija 00853nam a2200229 i 4500
001 - NÚMERO DE CONTROL
campo de control 22920
003 - IDENTIFICADOR DE NÚMERO DE CONTROL
campo de control ES-MaACL
005 - FECHA Y HORA DE LA ÚLTIMA TRANSACCIÓN
campo de control 20250727024446.0
007 - CAMPO FIJO DE DESCRIPCIÓN FÍSICA--INFORMACIÓN GENERAL
campo de control de longitud fija t|
008 - DATOS DE LONGITUD FIJA--INFORMACIÓN GENERAL
campo de control de longitud fija 021205s1895 sp ||||1| spa d
100 1# - ENTRADA PRINCIPAL--NOMBRE DE PERSONA
Nombre de persona Álvarez Sereix, Rafael,
Fechas asociadas al nombre 1856-1946
9 (RLIN) 20966
245 10 - MENCIÓN DEL TÍTULO
Título Fechas prehistóricas y porvenir de las razas
Resto del título : conferencia dada en la Sociedad Geográfica de Madrid, el 2 de abril de 1895 /
Mención de responsabilidad, etc. por Rafael Álvarez Sereix.
260 ## - PUBLICACIÓN, DISTRIBUCIÓN, ETC.
Lugar de publicación, distribución, etc. Madrid :
Nombre del editor, distribuidor, etc. [s.n.],
Fecha de publicación, distribución, etc. 1895 (
Fabricante Imp. de Ricardo Rojas)
300 ## - DESCRIPCIÓN FÍSICA
Extensión 30 p. ;
Dimensiones 24 cm.
650 04 - PUNTO DE ACCESO ADICIONAL DE MATERIA--TÉRMINO DE MATERIA
Término de materia o nombre geográfico como elemento de entrada Prehistoria.
9 (RLIN) 16343
650 ## - PUNTO DE ACCESO ADICIONAL DE MATERIA--TÉRMINO DE MATERIA
Término de materia o nombre geográfico como elemento de entrada Raza.
9 (RLIN) 16677
650 #7 - PUNTO DE ACCESO ADICIONAL DE MATERIA--TÉRMINO DE MATERIA
Término de materia o nombre geográfico como elemento de entrada Antropología física
Fuente del encabezamiento o término embne
9 (RLIN) 9893
710 2# - ENTRADA AGREGADA--NOMBRE DE ENTIDAD CORPORATIVA
Nombre de entidad corporativa o nombre de jurisdicción como elemento de entrada Sociedad Geográfica de Madrid.
9 (RLIN) 6775
852 4# - LOCALIZACIÓN
Ubicación ES-MaACL
Número de control de estantería T-830-F-1
852 4# - LOCALIZACIÓN
Ubicación ES-MaACL
Número de control de estantería G-9538
Nota libre - Enc. hol.
-- - Enc. en un vol. facticio
Holdings
Estatus retirado Estado de pérdida Estado de daño No para préstamo Colección Biblioteca de origen Biblioteca actual Ubicación en estantería Fecha de adquisición Fuente de adquisición Total de préstamos Signatura topográfica completa Código de barras Visto por última vez Precio de reemplazo Tipo de ítem Koha
        Libros del s. XIX Biblioteca del Ateneo de Madrid Biblioteca del Ateneo de Madrid Sala Pecera Planta 3 20/05/2021     G-9538 1202571 23/02/2023 23/02/2023 Libro impreso antiguo
        Colección de folletos Biblioteca del Ateneo de Madrid Biblioteca del Ateneo de Madrid Depósito folletos 17/01/2008     T-830-F-1 1023609 23/02/2023 23/02/2023 Folleto